[Event "Women's Baku Chess Olympiad"]
[Site "chess24.com"]
[Date "2016.09.10"]
[Round "8"]
[White "Vrbova, Niki"]
[Black "Jacimovic, Sara"]
[Result "1-0"]
[Board "3"]
[WhiteID "14906341"]
[WhiteElo "2186"]
[WhiteTitle "WFM"]
[WhiteCountry "SVK"]
[WhiteFideId "14906341"]
[WhiteEloChange "5"]
[BlackID "14403668"]
[BlackElo "1992"]
[BlackTitle "WFM"]
[BlackCountry "BIH"]
[BlackFideId "14403668"]
[BlackEloChange "-5"]

1. e4 {[%clk 1:30:58]} e5 {[%clk 1:30:51]} 2. Nf3 {[%clk 1:31:24]} Nc6 {[%clk
1:31:15]} 3. Bc4 {[%clk 1:31:49]} Bc5 {[%clk 1:31:39]} 4. c3 {[%clk 1:32:14]} Nf6
{[%clk 1:31:32]} 5. d3 {[%clk 1:32:39]} d6 {[%clk 1:31:40]} 6. O-O {[%clk
1:32:34]} O-O {[%clk 1:31:53]} 7. b4 {[%clk 1:30:51]} Bb6 {[%clk 1:32:09]} 8. a4
{[%clk 1:25:43]} a5 {[%clk 1:31:53]} 9. b5 {[%clk 1:24:49]} Ne7 {[%clk 1:31:47]}
10. Be3 {[%clk 1:24:07]} c6 {[%clk 1:29:13]} 11. bxc6 {[%clk 1:13:40]} bxc6
{[%clk 1:28:33]} 12. Nbd2 {[%clk 1:01:10]} d5 {[%clk 1:20:52]} 13. exd5 {[%clk
0:54:50]} cxd5 {[%clk 1:20:27]} 14. Bxb6 {[%clk 0:48:27]} Qxb6 {[%clk 1:20:32]}
15. Bb5 {[%clk 0:47:58]} Ng6 {[%clk 1:14:52]} 16. Qe2 {[%clk 0:40:45]} Qc7 {[%clk
1:05:27]} 17. Rac1 {[%clk 0:28:32]} Bd7 {[%clk 0:58:40]} 18. c4 {[%clk 0:26:21]}
Nf4 {[%clk 0:47:59]} 19. Qxe5 {[%clk 0:19:03]} Qxe5 {[%clk 0:47:43]} 20. Nxe5
{[%clk 0:19:28]} Ne2+ {[%clk 0:47:12]} 21. Kh1 {[%clk 0:19:51]} Nxc1 {[%clk
0:45:07]} 22. Rxc1 {[%clk 0:19:38]} Ra7 {[%clk 0:36:08]} 23. c5 {[%clk 0:14:48]}
Rb8 {[%clk 0:34:56]} 24. Bxd7 {[%clk 0:03:59]} Rb2 {[%clk 0:19:44]} 25. c6 {[%clk
0:04:22]} Rxd2 {[%clk 0:19:42]} 26. h3 {[%clk 0:04:26]} Rc7 {[%clk 0:18:57]} 27.
Rb1 {[%clk 0:04:29]} Kf8 {[%clk 0:18:47]} 28. Rb7 {[%clk 0:03:05]} Rxb7 {[%clk
0:17:42]} 29. cxb7 {[%clk 0:03:29]} Rb2 {[%clk 0:18:02]} 30. Bb5 {[%clk 0:03:46]}
1-0

[Event "Women's Baku Chess Olympiad"]
[Site "chess24.com"]
[Date "2016.09.10"]
[Round "8"]
[White "Mahmutbegovic, Nadina"]
[Black "Motycakova, Monika"]
[Result "1/2-1/2"]
[Board "4"]
[WhiteID "14401550"]
[WhiteElo "1908"]
[WhiteCountry "BIH"]
[WhiteFideId "14401550"]
[WhiteEloChange "5"]
[BlackID "14909626"]
[BlackElo "2109"]
[BlackTitle "WFM"]
[BlackCountry "SVK"]
[BlackFideId "14909626"]
[BlackEloChange "-5"]

1. e4 {[%clk 1:30:56]} e5 {[%clk 1:30:49]} 2. Nf3 {[%clk 1:31:18]} Nc6 {[%clk
1:31:13]} 3. Nc3 {[%clk 1:31:35]} Nf6 {[%clk 1:31:16]} 4. a3 {[%clk 1:31:53]} d5
{[%clk 1:30:26]} 5. Bb5 {[%clk 1:32:05]} d4 {[%clk 1:29:32]} 6. Ne2 {[%clk
1:32:11]} Bd7 {[%clk 1:22:55]} 7. d3 {[%clk 1:31:35]} Bd6 {[%clk 1:21:52]} 8. Bg5
{[%clk 1:27:07]} h6 {[%clk 1:19:16]} 9. Bd2 {[%clk 1:22:55]} Qe7 {[%clk 0:52:01]}
10. Ng3 {[%clk 1:16:18]} O-O-O {[%clk 0:41:33]} 11. Bxc6 {[%clk 1:08:48]} Bxc6
{[%clk 0:41:44]} 12. Nf5 {[%clk 1:09:07]} Qf8 {[%clk 0:40:43]} 13. Qe2 {[%clk
1:02:16]} g6 {[%clk 0:32:48]} 14. Nxd6+ {[%clk 1:02:29]} Qxd6 {[%clk 0:33:14]}
15. O-O-O {[%clk 1:02:19]} Nd7 {[%clk 0:33:02]} 16. Bb4 {[%clk 1:01:33]} Qe6
{[%clk 0:32:42]} 17. Kb1 {[%clk 1:00:31]} Kb8 {[%clk 0:28:10]} 18. Rhe1 {[%clk
0:38:09]} Bb5 {[%clk 0:22:52]} 19. b3 {[%clk 0:33:11]} Qb6 {[%clk 0:12:20]} 20.
Ka1 {[%clk 0:29:05]} a5 {[%clk 0:11:03]} 21. Bd2 {[%clk 0:29:25]} a4 {[%clk
0:10:12]} 22. b4 {[%clk 0:27:53]} c5 {[%clk 0:05:29]} 23. Rb1 {[%clk 0:16:51]}
Rc8 {[%clk 0:05:23]} 24. bxc5 {[%clk 0:16:12]} Qxc5 {[%clk 0:04:34]} 25. Bb4
{[%clk 0:16:37]} Qc6 {[%clk 0:04:02]} 26. Rb2 {[%clk 0:16:10]} Qe6 {[%clk
0:03:35]} 27. Reb1 {[%clk 0:15:22]} Ba6 {[%clk 0:03:27]} 28. Qd2 {[%clk 0:08:24]}
Rc6 {[%clk 0:03:25]} 29. Ne1 {[%clk 0:07:58]} g5 {[%clk 0:02:18]} 30. h3 {[%clk
0:06:25]} Rhc8 {[%clk 0:02:20]} 31. g4 {[%clk 0:04:57]} Rc3 {[%clk 0:02:13]} 32.
Qd1 {[%clk 0:04:09]} R3c6 {[%clk 0:01:41]} 33. Qf3 {[%clk 0:03:43]} f6 {[%clk
0:01:12]} 34. Qg3 {[%clk 0:01:52]} Ka8 {[%clk 0:01:24]} 35. h4 {[%clk 0:01:55]}
Nb8 {[%clk 0:00:40]} 36. h5 {[%clk 0:01:50]} Nd7 {[%clk 0:00:41]} 37. f3 {[%clk
0:02:05]} Nc5 {[%clk 0:00:43]} 38. Qf2 {[%clk 0:01:55]} Nd7 {[%clk 0:00:45]} 39.
Qd2 {[%clk 0:01:49]} Rc3 {[%clk 0:01:02]} 40. Qd1 {[%clk 0:31:45]} R3c6 {[%clk
0:30:51]} 41. Qd2 {[%clk 0:30:55]} Rc3 {[%clk 0:06:46]} 1/2-1/2

[Event "Women's Baku Chess Olympiad"]
[Site "chess24.com"]
[Date "2016.09.10"]
[Round "8"]
[White "Gjergji, Rozana"]
[Black "Baciu, Diana"]
[Result "0-1"]
[Board "1"]
[WhiteID "4700147"]
[WhiteElo "1947"]
[WhiteTitle "WCM"]
[WhiteCountry "ALB"]
[WhiteFideId "4700147"]
[WhiteEloChange "-3"]
[BlackID "13903284"]
[BlackElo "2279"]
[BlackTitle "WIM"]
[BlackCountry "MDA"]
[BlackFideId "13903284"]
[BlackEloChange "3"]

1. e4 {[%clk 1:30:53]} e6 {[%clk 1:30:56]} 2. d4 {[%clk 1:31:12]} d5 {[%clk
1:31:22]} 3. Nc3 {[%clk 1:31:34]} Bb4 {[%clk 1:31:46]} 4. e5 {[%clk 1:31:55]} c5
{[%clk 1:32:11]} 5. Bd2 {[%clk 1:32:16]} Ne7 {[%clk 1:32:34]} 6. Nf3 {[%clk
1:31:45]} cxd4 {[%clk 1:29:29]} 7. Nb5 {[%clk 1:31:44]} Bxd2+ {[%clk 1:29:53]} 8.
Qxd2 {[%clk 1:32:07]} O-O {[%clk 1:30:07]} 9. Nbxd4 {[%clk 1:32:09]} Nbc6 {[%clk
1:29:38]} 10. Bd3 {[%clk 1:28:07]} f6 {[%clk 1:23:49]} 11. Qe2 {[%clk 1:19:35]}
fxe5 {[%clk 1:13:39]} 12. Nxc6 {[%clk 1:19:23]} Nxc6 {[%clk 1:13:31]} 13. Nxe5
{[%clk 1:19:07]} Qg5 {[%clk 1:11:42]} 14. Nxc6 {[%clk 1:18:11]} bxc6 {[%clk
1:11:28]} 15. O-O {[%clk 1:16:08]} e5 {[%clk 1:11:47]} 16. f3 {[%clk 1:15:48]}
Bd7 {[%clk 0:58:50]} 17. Rae1 {[%clk 1:12:34]} Rae8 {[%clk 0:56:02]} 18. Qe3
{[%clk 1:10:46]} Qxe3+ {[%clk 0:50:13]} 19. Rxe3 {[%clk 1:11:12]} Re7 {[%clk
0:49:22]} 20. Rfe1 {[%clk 1:06:42]} Rfe8 {[%clk 0:49:43]} 21. Kf2 {[%clk
1:01:42]} g6 {[%clk 0:50:07]} 22. R3e2 {[%clk 0:59:01]} Kf7 {[%clk 0:49:29]} 23.
Ke3 {[%clk 0:47:40]} Kf6 {[%clk 0:43:27]} 24. Kf2 {[%clk 0:39:08]} h5 {[%clk
0:42:59]} 25. c3 {[%clk 0:32:28]} Bf5 {[%clk 0:39:41]} 26. Rd2 {[%clk 0:30:42]}
e4 {[%clk 0:38:38]} 27. g4 {[%clk 0:26:38]} hxg4 {[%clk 0:38:05]} 28. fxg4 {[%clk
0:27:05]} Bc8 {[%clk 0:37:22]} 29. g5+ {[%clk 0:26:10]} Kf7 {[%clk 0:37:22]} 0-1

[Event "Women's Baku Chess Olympiad"]
[Site "chess24.com"]
[Date "2016.09.10"]
[Round "8"]
[White "Hincu, Olga"]
[Black "Shabanaj, Alda"]
[Result "1-0"]
[Board "2"]
[WhiteID "13904108"]
[WhiteElo "2125"]
[WhiteTitle "WFM"]
[WhiteCountry "MDA"]
[WhiteFideId "13904108"]
[WhiteEloChange "4"]
[BlackID "4700597"]
[BlackElo "1881"]
[BlackTitle "WFM"]
[BlackCountry "ALB"]
[BlackFideId "4700597"]
[BlackEloChange "-4"]

1. c4 {[%clk 1:30:57]} Nf6 {[%clk 1:30:39]} 2. d4 {[%clk 1:31:22]} g6 {[%clk
1:31:02]} 3. Nd2 {[%clk 1:31:48]} d5 {[%clk 1:31:03]} 4. cxd5 {[%clk 1:32:13]}
Qxd5 {[%clk 1:30:38]} 5. Ngf3 {[%clk 1:32:39]} Bg7 {[%clk 1:30:32]} 6. e4 {[%clk
1:32:53]} Qa5 {[%clk 1:29:44]} 7. Bc4 {[%clk 1:30:53]} O-O {[%clk 1:28:08]} 8.
O-O {[%clk 1:30:46]} e6 {[%clk 1:27:04]} 9. a3 {[%clk 1:28:14]} b5 {[%clk
1:24:16]} 10. b4 {[%clk 1:27:20]} Qb6 {[%clk 1:24:35]} 11. Bd3 {[%clk 1:26:56]}
Nc6 {[%clk 1:22:34]} 12. Bb2 {[%clk 1:22:21]} Rd8 {[%clk 1:17:22]} 13. Nb3 {[%clk
1:20:12]} a5 {[%clk 1:14:53]} 14. Bc3 {[%clk 1:17:33]} axb4 {[%clk 1:15:06]} 15.
axb4 {[%clk 1:17:59]} Rxa1 {[%clk 1:15:32]} 16. Qxa1 {[%clk 1:18:24]} Bb7 {[%clk
1:15:38]} 17. d5 {[%clk 1:16:19]} Ra8 {[%clk 1:13:35]} 18. Qb2 {[%clk 1:15:24]}
Nxb4 {[%clk 1:13:52]} 19. Bxb4 {[%clk 1:14:23]} Nxd5 {[%clk 1:14:16]} 20. Qd2
{[%clk 1:14:43]} Nxb4 {[%clk 1:13:11]} 21. Qxb4 {[%clk 1:15:10]} Ra4 {[%clk
1:12:51]} 22. Qe7 {[%clk 1:11:24]} Bf8 {[%clk 1:12:01]} 23. Qf6 {[%clk 1:09:22]}
h6 {[%clk 1:11:01]} 24. Ne5 {[%clk 1:09:34]} Bg7 {[%clk 1:09:54]} 25. Qxf7+
{[%clk 1:09:58]} Kh7 {[%clk 1:10:12]} 26. Qxg6+ {[%clk 1:10:18]} Kg8 {[%clk
1:10:16]} 27. Qf7+ {[%clk 1:08:31]} Kh7 {[%clk 1:10:38]} 28. Nd7 {[%clk 1:08:25]}
1-0

[Event "Women's Baku Chess Olympiad"]
[Site "chess24.com"]
[Date "2016.09.10"]
[Round "8"]
[White "Tuzi, Bruna"]
[Black "Partac, Elena"]
[Result "0-1"]
[Board "3"]
[WhiteID "4701100"]
[WhiteElo "1807"]
[WhiteTitle "WCM"]
[WhiteCountry "ALB"]
[WhiteFideId "4701100"]
[WhiteEloChange "-3"]
[BlackID "13901001"]
[BlackElo "2086"]
[BlackTitle "WGM"]
[BlackCountry "MDA"]
[BlackFideId "13901001"]
[BlackEloChange "3"]

1. e4 {[%clk 1:30:57]} c5 {[%clk 1:30:46]} 2. Nf3 {[%clk 1:31:22]} e6 {[%clk
1:31:12]} 3. c3 {[%clk 1:31:48]} Nf6 {[%clk 1:31:34]} 4. e5 {[%clk 1:32:11]} Nd5
{[%clk 1:31:59]} 5. d4 {[%clk 1:32:30]} cxd4 {[%clk 1:32:25]} 6. cxd4 {[%clk
1:32:54]} d6 {[%clk 1:32:48]} 7. a3 {[%clk 1:33:13]} Be7 {[%clk 1:28:38]} 8. Bd3
{[%clk 1:33:37]} Nc6 {[%clk 1:16:26]} 9. O-O {[%clk 1:32:53]} O-O {[%clk
1:05:04]} 10. Qe2 {[%clk 1:33:09]} Na5 {[%clk 0:54:46]} 11. Nc3 {[%clk 1:32:32]}
Nxc3 {[%clk 0:52:18]} 12. bxc3 {[%clk 1:32:56]} d5 {[%clk 0:52:04]} 13. Qc2
{[%clk 1:26:19]} h6 {[%clk 0:51:52]} 14. g4 {[%clk 1:19:59]} Bd7 {[%clk 0:49:45]}
15. Nd2 {[%clk 1:15:44]} Rc8 {[%clk 0:46:16]} 16. f4 {[%clk 1:11:38]} Qc7 {[%clk
0:40:58]} 17. Bb2 {[%clk 1:11:19]} b5 {[%clk 0:30:13]} 18. f5 {[%clk 1:08:01]}
Bg5 {[%clk 0:24:09]} 19. Rf3 {[%clk 0:46:50]} f6 {[%clk 0:15:40]} 20. Re1 {[%clk
0:41:35]} fxe5 {[%clk 0:13:42]} 21. dxe5 {[%clk 0:39:45]} d4 {[%clk 0:11:27]} 22.
f6 {[%clk 0:38:59]} Bc6 {[%clk 0:06:17]} 23. Bh7+ {[%clk 0:39:07]} Kh8 {[%clk
0:06:41]} 24. Be4 {[%clk 0:20:47]} Qxe5 {[%clk 0:05:33]} 25. cxd4 {[%clk
0:20:58]} Qc7 {[%clk 0:00:37]} 26. fxg7+ {[%clk 0:18:58]} Qxg7 {[%clk 0:00:38]}
27. d5 {[%clk 0:18:55]} e5 {[%clk 0:00:32]} 28. dxc6 {[%clk 0:17:51]} Rfd8 {[%clk
0:00:35]} 29. Nb3 {[%clk 0:15:23]} Nc4 {[%clk 0:00:45]} 30. Bc1 {[%clk 0:13:24]}
Bh4 {[%clk 0:00:51]} 31. Re2 {[%clk 0:11:41]} Rd6 {[%clk 0:00:37]} 32. h3 {[%clk
0:09:50]} Rcd8 {[%clk 0:00:47]} 33. Rd3 {[%clk 0:10:02]} Qf6 {[%clk 0:00:34]} 34.
Rxd6 {[%clk 0:09:44]} Qxd6 {[%clk 0:00:51]} 35. Nd2 {[%clk 0:06:39]} Qd4+ {[%clk
0:00:55]} 36. Kh1 {[%clk 0:06:26]} Rf8 {[%clk 0:00:36]} 37. Nf3 {[%clk 0:06:27]}
Qb6 {[%clk 0:00:33]} 38. Qd1 {[%clk 0:05:59]} Rd8 {[%clk 0:00:41]} 39. Qf1 {[%clk
0:05:08]} Bg3 {[%clk 0:00:38]} 40. Bxh6 {[%clk 0:35:01]} Nd6 {[%clk 0:30:33]} 41.
Ng5 {[%clk 0:32:06]} Bf4 {[%clk 0:30:54]} 42. Ne6 {[%clk 0:31:22]} Nxe4 {[%clk
0:30:55]} 43. Nxd8 {[%clk 0:31:14]} Ng3+ {[%clk 0:31:17]} 44. Kg2 {[%clk
0:30:29]} Nxf1 {[%clk 0:31:36]} 45. Bxf4 {[%clk 0:30:22]} exf4 {[%clk 0:30:58]}
46. Re8+ {[%clk 0:30:27]} Kh7 {[%clk 0:29:58]} 47. Kxf1 {[%clk 0:30:08]} Qc5
{[%clk 0:25:45]} 48. Re6 {[%clk 0:29:19]} Qc1+ {[%clk 0:24:18]} 49. Ke2 {[%clk
0:29:33]} Qc2+ {[%clk 0:20:28]} 50. Kf3 {[%clk 0:29:43]} Qd3+ {[%clk 0:20:41]}
51. Kxf4 {[%clk 0:30:07]} Qxd8 {[%clk 0:21:08]} 52. Kf5 {[%clk 0:29:08]} Qf8+
{[%clk 0:17:15]} 53. Ke5 {[%clk 0:28:50]} Qxa3 {[%clk 0:17:36]} 54. c7 {[%clk
0:29:12]} Qc5+ {[%clk 0:17:37]} 55. Kf6 {[%clk 0:29:33]} Qxc7 {[%clk 0:14:47]}
56. Re7+ {[%clk 0:30:00]} Qxe7+ {[%clk 0:15:13]} 57. Kxe7 {[%clk 0:30:26]} Kg6
{[%clk 0:15:31]} 0-1

[Event "Women's Baku Chess Olympiad"]
[Site "chess24.com"]
[Date "2016.09.10"]
[Round "8"]
[White "Gitu, Paula-Alexandra"]
[Black "Kerciku, Suzana"]
[Result "1-0"]
[Board "4"]
[WhiteID "13904620"]
[WhiteElo "1892"]
[WhiteTitle "WFM"]
[WhiteCountry "MDA"]
[WhiteFideId "13904620"]
[WhiteEloChange "3"]
[BlackID "4700783"]
[BlackElo "1609"]
[BlackCountry "ALB"]
[BlackFideId "4700783"]
[BlackEloChange "-3"]

1. e4 {[%clk 1:30:58]} c5 {[%clk 1:30:55]} 2. Nf3 {[%clk 1:31:22]} e6 {[%clk
1:31:19]} 3. c3 {[%clk 1:31:47]} d5 {[%clk 1:31:41]} 4. exd5 {[%clk 1:32:13]}
Qxd5 {[%clk 1:32:02]} 5. Na3 {[%clk 1:32:34]} Nf6 {[%clk 1:32:11]} 6. d4 {[%clk
1:32:47]} Qd8 {[%clk 1:32:26]} 7. Nc2 {[%clk 1:27:59]} Nc6 {[%clk 1:32:41]} 8.
Be2 {[%clk 1:27:23]} b6 {[%clk 1:27:59]} 9. O-O {[%clk 1:21:25]} Bb7 {[%clk
1:26:16]} 10. dxc5 {[%clk 1:07:50]} Bxc5 {[%clk 1:23:58]} 11. Be3 {[%clk
1:07:05]} Bxe3 {[%clk 1:15:55]} 12. Nxe3 {[%clk 1:07:25]} O-O {[%clk 1:15:15]}
13. Qa4 {[%clk 1:04:00]} Qc7 {[%clk 1:08:31]} 14. Ba6 {[%clk 0:56:22]} Bxa6
{[%clk 1:04:07]} 15. Qxa6 {[%clk 0:56:46]} Ne5 {[%clk 1:00:05]} 16. Nxe5 {[%clk
0:50:15]} Qxe5 {[%clk 1:00:23]} 17. Rad1 {[%clk 0:49:18]} Ne4 {[%clk 0:40:40]}
18. Qd3 {[%clk 0:34:01]} Nc5 {[%clk 0:31:33]} 19. Qd4 {[%clk 0:31:48]} Qg5 {[%clk
0:19:45]} 20. f4 {[%clk 0:14:19]} Qe7 {[%clk 0:15:24]} 21. Qd6 {[%clk 0:05:58]}
Qxd6 {[%clk 0:12:26]} 22. Rxd6 {[%clk 0:06:26]} Rfd8 {[%clk 0:12:40]} 23. Rfd1
{[%clk 0:06:27]} Rxd6 {[%clk 0:12:05]} 24. Rxd6 {[%clk 0:06:56]} Kf8 {[%clk
0:12:26]} 25. Kf1 {[%clk 0:05:43]} Ke7 {[%clk 0:11:52]} 26. Rd4 {[%clk 0:05:49]}
Rd8 {[%clk 0:11:37]} 27. Rxd8 {[%clk 0:05:05]} Kxd8 {[%clk 0:12:06]} 28. Ke2
{[%clk 0:04:12]} Kd7 {[%clk 0:09:11]} 29. b4 {[%clk 0:02:56]} Ne4 {[%clk
0:03:46]} 30. Kd3 {[%clk 0:03:19]} f5 {[%clk 0:03:40]} 31. a4 {[%clk 0:01:16]} a5
{[%clk 0:02:10]} 32. Nc4 {[%clk 0:00:54]} axb4 {[%clk 0:01:15]} 33. cxb4 {[%clk
0:01:23]} Kc6 {[%clk 0:00:43]} 34. Kd4 {[%clk 0:01:33]} g5 {[%clk 0:00:35]} 35.
Ke5 {[%clk 0:00:35]} b5 {[%clk 0:00:34]} 36. axb5+ {[%clk 0:00:46]} Kxb5 {[%clk
0:01:03]} 37. Nd6+ {[%clk 0:01:03]} Nxd6 {[%clk 0:00:36]} 38. Kxd6 {[%clk
0:01:31]} Kxb4 {[%clk 0:00:36]} 39. fxg5 {[%clk 0:01:29]} Kc4 {[%clk 0:00:33]}
40. Kxe6 {[%clk 0:31:54]} 1-0

[Event "Women's Baku Chess Olympiad"]
[Site "chess24.com"]
[Date "2016.09.10"]
[Round "8"]
[White "Sultana, Sharmin Shirin"]
[Black "Theissl Pokorna, Regina"]
[Result "0-1"]
[Board "1"]
[WhiteID "10204482"]
[WhiteElo "2002"]
[WhiteTitle "WFM"]
[WhiteCountry "BAN"]
[WhiteFideId "10204482"]
[WhiteEloChange "-3"]
[BlackID "14902052"]
[BlackElo "2331"]
[BlackTitle "WGM"]
[BlackCountry "AUT"]
[BlackFideId "14902052"]
[BlackEloChange "3"]

1. d4 {[%clk 1:30:55]} Nf6 {[%clk 1:30:53]} 2. c4 {[%clk 1:31:20]} e6 {[%clk
1:31:19]} 3. Nc3 {[%clk 1:31:42]} Bb4 {[%clk 1:31:41]} 4. e3 {[%clk 1:31:51]} O-O
{[%clk 1:31:47]} 5. Ne2 {[%clk 1:32:10]} Re8 {[%clk 1:31:19]} 6. a3 {[%clk
1:28:13]} Bf8 {[%clk 1:31:40]} 7. Ng3 {[%clk 1:20:30]} d5 {[%clk 1:31:51]} 8.
cxd5 {[%clk 1:18:16]} exd5 {[%clk 1:32:11]} 9. Bd3 {[%clk 1:18:24]} b6 {[%clk
1:28:50]} 10. O-O {[%clk 1:15:28]} c5 {[%clk 1:25:11]} 11. Nh5 {[%clk 1:04:04]}
Nbd7 {[%clk 1:18:54]} 12. Nf4 {[%clk 1:02:11]} c4 {[%clk 1:10:33]} 13. Be2 {[%clk
0:59:26]} Bb7 {[%clk 1:07:32]} 14. Bf3 {[%clk 0:56:10]} Nb8 {[%clk 0:54:34]} 15.
b3 {[%clk 0:53:34]} Qd7 {[%clk 0:54:18]} 16. Bd2 {[%clk 0:43:08]} b5 {[%clk
0:47:03]} 17. bxc4 {[%clk 0:38:48]} dxc4 {[%clk 0:44:13]} 18. Bxb7 {[%clk
0:28:28]} Qxb7 {[%clk 0:44:38]} 19. Qb1 {[%clk 0:17:57]} a6 {[%clk 0:43:00]} 20.
Na4 {[%clk 0:13:38]} Nc6 {[%clk 0:34:37]} 21. Nb2 {[%clk 0:13:20]} Qc7 {[%clk
0:33:05]} 22. Rc1 {[%clk 0:10:29]} Bd6 {[%clk 0:30:09]} 23. g3 {[%clk 0:10:30]}
Bxf4 {[%clk 0:29:54]} 24. gxf4 {[%clk 0:09:53]} Qd7 {[%clk 0:30:16]} 25. Kh1
{[%clk 0:10:06]} Qd5+ {[%clk 0:29:26]} 26. Kg1 {[%clk 0:10:03]} Qh5 {[%clk
0:28:11]} 27. f3 {[%clk 0:06:38]} Nxd4 {[%clk 0:25:01]} 0-1

[Event "Women's Baku Chess Olympiad"]
[Site "chess24.com"]
[Date "2016.09.10"]
[Round "8"]
[White "Exler, Veronika"]
[Black "Khan, Nazrana"]
[Result "1-0"]
[Board "2"]
[WhiteID "1620550"]
[WhiteElo "2220"]
[WhiteTitle "WFM"]
[WhiteCountry "AUT"]
[WhiteFideId "1620550"]
[WhiteEloChange "4"]
[BlackID "10201734"]
[BlackElo "1965"]
[BlackTitle "WFM"]
[BlackCountry "BAN"]
[BlackFideId "10201734"]
[BlackEloChange "-4"]

1. d4 {[%clk 1:30:59]} d5 {[%clk 1:30:51]} 2. c4 {[%clk 1:31:23]} e6 {[%clk
1:31:16]} 3. Nf3 {[%clk 1:31:50]} Nf6 {[%clk 1:31:35]} 4. g3 {[%clk 1:32:16]} c6
{[%clk 1:30:34]} 5. Bg2 {[%clk 1:32:41]} Nbd7 {[%clk 1:28:31]} 6. O-O {[%clk
1:32:51]} Ne4 {[%clk 1:28:25]} 7. Nbd2 {[%clk 1:27:54]} f5 {[%clk 1:26:13]} 8.
Qc2 {[%clk 1:24:19]} Be7 {[%clk 1:25:47]} 9. b3 {[%clk 1:24:11]} O-O {[%clk
1:25:36]} 10. Bb2 {[%clk 1:24:26]} Ndf6 {[%clk 1:18:50]} 11. Ne5 {[%clk 1:22:59]}
Nxd2 {[%clk 1:17:20]} 12. Qxd2 {[%clk 1:23:19]} Ne4 {[%clk 1:15:42]} 13. Qd3
{[%clk 1:23:40]} Bd6 {[%clk 1:13:50]} 14. Rad1 {[%clk 1:18:41]} a5 {[%clk
1:08:26]} 15. f3 {[%clk 1:08:21]} Nf6 {[%clk 1:08:14]} 16. e4 {[%clk 0:55:42]}
Qc7 {[%clk 1:00:27]} 17. c5 {[%clk 0:52:02]} Bxe5 {[%clk 0:59:41]} 18. dxe5
{[%clk 0:52:26]} Nd7 {[%clk 0:55:10]} 19. Qd4 {[%clk 0:49:21]} b6 {[%clk
0:54:24]} 20. cxb6 {[%clk 0:49:12]} Qxb6 {[%clk 0:53:40]} 21. Qxb6 {[%clk
0:49:23]} Nxb6 {[%clk 0:54:01]} 22. exf5 {[%clk 0:46:05]} exf5 {[%clk 0:53:31]}
23. Rc1 {[%clk 0:42:57]} Bb7 {[%clk 0:51:57]} 24. f4 {[%clk 0:40:04]} a4 {[%clk
0:47:16]} 25. Bd4 {[%clk 0:39:58]} Nd7 {[%clk 0:45:43]} 26. b4 {[%clk 0:37:53]}
Ba6 {[%clk 0:42:56]} 27. Rxc6 {[%clk 0:36:07]} Bxf1 {[%clk 0:36:52]} 28. Bxd5+
{[%clk 0:36:28]} Kh8 {[%clk 0:36:58]} 29. Kxf1 {[%clk 0:36:52]} Rad8 {[%clk
0:36:25]} 30. e6 {[%clk 0:19:42]} Nf6 {[%clk 0:31:41]} 31. e7 {[%clk 0:18:00]}
Nxd5 {[%clk 0:30:55]} 32. exf8Q+ {[%clk 0:18:19]} Rxf8 {[%clk 0:31:14]} 33. b5
{[%clk 0:14:16]} Kg8 {[%clk 0:30:15]} 34. Rd6 {[%clk 0:09:16]} Nc7 {[%clk
0:28:23]} 35. Rd7 {[%clk 0:07:55]} Nxb5 {[%clk 0:28:19]} 36. Rxg7+ {[%clk
0:08:13]} Kh8 {[%clk 0:28:43]} 37. Be5 {[%clk 0:08:34]} 1-0

[Event "Women's Baku Chess Olympiad"]
[Site "chess24.com"]
[Date "2016.09.10"]
[Round "8"]
[White "Hamid, Rani"]
[Black "Schnegg, Anna-Lena"]
[Result "1/2-1/2"]
[Board "3"]
[WhiteID "10200096"]
[WhiteElo "1993"]
[WhiteTitle "WIM"]
[WhiteCountry "BAN"]
[WhiteFideId "10200096"]
[WhiteEloChange "4"]
[BlackID "1625268"]
[BlackElo "2133"]
[BlackTitle "WFM"]
[BlackCountry "AUT"]
[BlackFideId "1625268"]
[BlackEloChange "-4"]

1. e4 {[%clk 1:30:58]} e5 {[%clk 1:30:50]} 2. Nf3 {[%clk 1:31:21]} Nc6 {[%clk
1:31:13]} 3. Bb5 {[%clk 1:31:42]} a6 {[%clk 1:31:39]} 4. Ba4 {[%clk 1:32:08]} Nf6
{[%clk 1:32:01]} 5. O-O {[%clk 1:32:30]} Be7 {[%clk 1:32:25]} 6. Re1 {[%clk
1:32:53]} b5 {[%clk 1:32:50]} 7. Bb3 {[%clk 1:33:18]} d6 {[%clk 1:33:10]} 8. c3
{[%clk 1:33:37]} O-O {[%clk 1:33:31]} 9. h3 {[%clk 1:34:02]} Na5 {[%clk 1:33:51]}
10. Bc2 {[%clk 1:34:24]} c5 {[%clk 1:34:15]} 11. d4 {[%clk 1:34:47]} Qc7 {[%clk
1:34:37]} 12. Nbd2 {[%clk 1:34:56]} Be6 {[%clk 1:34:44]} 13. Nf1 {[%clk 1:34:59]}
Nc4 {[%clk 1:34:39]} 14. Ng3 {[%clk 1:33:52]} Rfe8 {[%clk 1:27:34]} 15. Bd3
{[%clk 1:23:40]} Nb6 {[%clk 1:20:55]} 16. Bd2 {[%clk 1:19:23]} Na4 {[%clk
1:01:41]} 17. Bc1 {[%clk 1:18:53]} Rad8 {[%clk 0:51:37]} 18. Bc2 {[%clk 1:18:16]}
Nb6 {[%clk 0:49:54]} 19. d5 {[%clk 1:12:42]} Bd7 {[%clk 0:50:09]} 20. b3 {[%clk
1:12:08]} a5 {[%clk 0:49:02]} 21. a4 {[%clk 1:11:47]} c4 {[%clk 0:43:41]} 22.
axb5 {[%clk 1:03:55]} Ra8 {[%clk 0:39:32]} 23. bxc4 {[%clk 0:59:03]} Qxc4 {[%clk
0:32:55]} 24. Be3 {[%clk 0:58:42]} Reb8 {[%clk 0:30:23]} 25. Bd3 {[%clk 0:53:01]}
Qxc3 {[%clk 0:22:31]} 26. Rc1 {[%clk 0:53:01]} Qb4 {[%clk 0:20:43]} 27. Rb1
{[%clk 0:44:55]} Qc3 {[%clk 0:19:38]} 28. Rc1 {[%clk 0:45:06]} Qb4 {[%clk
0:20:00]} 29. Rb1 {[%clk 0:43:42]} Qc3 {[%clk 0:20:08]} 30. Rc1 {[%clk 0:43:33]}
Qb4 {[%clk 0:19:46]} 1/2-1/2